• 首页
  • 本馆介绍
  • 公告通知
  • 最新文献
  • 馆藏检索
  • 电子资源
  • 读者导购
  • 参考咨询
  • 我的图书馆
  • 登录
  • 详细信息显示
  • 放入我的书架
  • 预约/预借图书
  • 作者相关作品
  • 分类相关作品
  • 丛书相关作品
  • 出版社相关作品

书目信息

  • 表格格式
  • 工作单格式
  • 卡片格式
题名:
观赏鱼图鉴
    
 
作者: 赵嫣艳 主编
分册:  
出版信息: 南京   江苏凤凰科学技术出版社  2017
页数: 192页
开本: 21cm
丛书名: 图鉴珍藏丛书
单 册:
中图分类: S965.8-64
科图分类:
主题词: 观赏鱼类--guan shang yu lei--图集
电子资源:
ISBN: 978-7-5537-5610-3
000 00948nam0 22002651 450
001 1738656338
005 20170628091823.0
010    @a978-7-5537-5610-3@dCNY32.80
100    @a20170424d2017 em y0chiy50 ea
101 0  @achi
102    @aCN@b320000
105    @aa z 001yy
106    @ar
200 1  @a观赏鱼图鉴@9guan shang yu tu jian@f赵嫣艳主编
210    @a南京@c江苏凤凰科学技术出版社@d2017
215    @a192页@d21cm
225 2  @a图鉴珍藏丛书@9tu jian zhen cang cong shu
300    @a凤凰含章 含章·图鉴系列
330    @a本书列举了162种观赏鱼,所列举的每种观赏鱼,都标明了它的中文学名,细致描绘了它的各部位特征,详细介绍了它的科属、别称、体长、分布区域、养鱼小贴示、性情、食性、鱼缸活动层次等。
461  0 @12001 @a图鉴珍藏丛书
606 0  @a观赏鱼类@9guan shang yu lei@j图集
690    @aS965.8-64@v5
701  0 @a赵嫣艳@9zhao yan yan@f(1970~)@4主编
801  0 @aCN@bTANGWEI@c20170627
905    @b1017159-64@dS965.8-64@e40@f6
    
    观赏鱼图鉴/赵嫣艳主编.-南京:江苏凤凰科学技术出版社,2017
    192页;21cm.-(图鉴珍藏丛书)
    凤凰含章 含章·图鉴系列
    
    ISBN 978-7-5537-5610-3:CNY32.80
    本书列举了162种观赏鱼,所列举的每种观赏鱼,都标明了它的中文学名,细致描绘了它的各部位特征,详细介绍了它的科属、别称、体长、分布区域、养鱼小贴示、性情、食性、鱼缸活动层次等。
●
相关链接 在E读中查询图书 在五车中查询图书 在当当中查询图书 在豆瓣中查询图书


正题名:观赏鱼图鉴     索取号:S965.8-64/40         预约/预借

序号 登录号 条形码 馆藏地/架位号 状态 备注
1 1017159   210171598   第二样本阅览室/ [索取号:S965.8-64/40] 在馆    
2 1017160   210171605   教育系资料室/ [索取号:S965.8-64/40] 在馆    
3 1017161   210171614   教育系资料室/ [索取号:S965.8-64/40] 在馆    
4 1017162   210171623   教育系资料室/ [索取号:S965.8-64/40] 在馆    
5 1017163   210171632   第三借阅区/ [索取号:S965.8-64/40] 在馆    
6 1017164   210171641   第三借阅区/ [索取号:S965.8-64/40] 在馆    
唐山师范学院图书馆 欢迎您!
大连网信软件有限公司© 版权所有